| 000 | 02311nam1a22005531 4500 | ||
|---|---|---|---|
| 001 | RU\NLR\A1\26234 | ||
| 005 | 20260405154409.0 | ||
| 035 | _a(NLR Aleph) 009680553 | ||
| 090 |
_a9700103 _c9700103 |
||
| 100 | _a19990901d1796 u y0rusy50 ca | ||
| 101 | 1 |
_arus _cfre |
|
| 102 | _aRU | ||
| 200 | 1 |
_aПисьма о разных физических и филозофических материях, _eПисанныя к некоторой немецкой принцессе _fС французскаго языка на российский переведенныя Степаном Румовским Академии наук членом, астрономом и профессором |
|
| 205 | _a4-м тиснением | ||
| 210 |
_aСПб. _cПри Имп. Акад. наук _d1796 |
||
| 215 | _d8° | ||
| 321 | 1 | _aСК XVIII 8565 | |
| 463 | 0 |
_1001RU\NLR\A1\26235 _913475874 _p16, 319 с., 1 л. черт. _tЧ.1 |
|
| 463 | 0 |
_1001RU\NLR\A1\26236 _913475875 _p12, 339 с., 3 л. черт. _tЧ.2 |
|
| 463 | 0 |
_1001RU\NLR\A1\26237 _913475876 _p14, 406, [1] с., 8 л. черт. _tЧ.3 |
|
| 518 | 1 | _aПисьма о разных физических и философических материях | |
| 620 | _dСанкт-Петербург | ||
| 700 | 1 |
_6z01700 _aЭйлер _bЛ. _f1707-1783 _gЛеонард _4070 |
|
| 700 | 1 |
_4070 _8ger _7ba _aEuler _bL. _f1707-1783 _gLeonhard _3RU\NLR\auth\7765340 _948269 |
|
| 702 | 1 |
_aРумовский _bС.Я. _f1734-1812 _gСтепан Яковлевич _4730 |
|
| 712 | 0 | 2 |
_aАкадемическая типография _cСанкт-Петербург _4610 |
| 801 | 0 |
_aRU _bNLR _c19990901 |
|
| 852 |
_aNLR _j18.90.6.4 |
||
| 852 |
_aNLR _j138/2375 |
||
| 899 |
_aЗНБ СГУ _yЧ.1-2 |
||
| 899 |
_aКирОУНБ _yЧ.1 |
||
| 899 | _aГАКО | ||
| 899 |
_aУОНБ _y2 экз. |
||
| 899 |
_aПОУБ _yЧ.1, 3 |
||
| 899 |
_aНГОНБ _yЧ.1-2. Ч.1 - 2 экз. |
||
| 899 |
_aНБЛ КГУ _yЧ.1-3. Ч.2 - 2 экз. |
||
| 899 | _aНЦГБ | ||
| 899 | _aНГОНБ | ||
| 899 |
_aЗНБ ВГУ _yЧ.1-3; ч.1 в 2-х экз. |
||
| 899 | _aРГБ | ||
| 899 | _aКостОУНБ | ||
| 899 | _aБАН | ||
| 899 |
_aИОНБ _yЧ.1-3 |
||
| 899 | _aМГУ | ||
| 899 | _aГПИБ | ||
| 942 | _cBOOK | ||
| 980 | _aNB | ||
| 980 | _aA1XVIIIv | ||